| 000 | 01447nam a22003855i 4500 | ||
|---|---|---|---|
| 003 | CO-BoRNBP | ||
| 005 | 20250210162054.0 | ||
| 007 | ta | ||
| 008 | 231205s2023 ck a br 000 0 spa d | ||
| 020 | _a9789585395527 | ||
| 040 |
_aCO-BoRNBP _bspa _cCO-BoRNBP _erda |
||
| 041 | 0 | _aspa | |
| 043 | _as-ck--- | ||
| 084 | _aC VID1 | ||
| 100 | 1 |
_aVidal, Velia _91164 |
|
| 245 | 1 | 0 |
_aChocó: _bSelva, lluvia, río y mar / _cVelia Vidal Romero ; ilustraciones de Geraldine Ramírez Vallejo |
| 250 | _aEdición especial | ||
| 264 | 1 |
_aBogotá, Colombia _bLazo Libros, _c2023. |
|
| 264 | 4 | _c©2023 | |
| 300 |
_a54 páginas, _bilustraciones a color, _c26 cm |
||
| 336 |
_atexto _btxt _2rdacontenido |
||
| 337 |
_asin mediacion _bn _2rdamedio |
||
| 338 |
_avolumen _bnc _2rdasoporte |
||
| 490 |
_aPlan Nacional de Lectura, Escritura y Oralidad _pMinisterio de Culturua |
||
| 500 | _aIncluye datos biográficos de la autora e ilustradora | ||
| 521 | _aRecomendado para un público infantil a partir de los 6 años | ||
| 650 | 1 | 7 |
_2ARMARC _aCuentos infantiles colombianos _vSiglo XXI _958165 |
| 650 | 1 | 7 |
_2ARMARC _aLiteratura colombiana _vSiglo XXI _958166 |
| 650 | 1 | 7 |
_2ARMARC _aChocó _vVida social y costumbres _xRelatos personales _958167 |
| 650 | 1 | 7 |
_2ARMARC _aBiodiversidad en la literatura _958168 |
| 700 | 1 | 2 |
_aRamírez Vallejo, Geraldine, _eilustradora. |
| 700 | 1 | 2 |
_aGuerra Arjona, Paula _eeditora _958169 |
| 942 |
_2ddc _cBKINF |
||
| 949 |
_ac _bc |
||
| 999 |
_c38553 _d38553 |
||